000 00311nam a2200133Ia 4500
008 231129s1991||||xx |||||||||||||| ||spa||
040 _bspa
082 _a327.172 M828p
100 _aMorales Benitez Otto
245 0 _aPapeles para la paz
260 _c1991
264 _aArbol que piensa
942 _2ddc
_cBKS
999 _c22376
_d22376